000 00320pab a2200145 454500
008 180718b1988 xxu||||| |||| 00| 0 eng d
100 _aDutta, A.N.
245 _aPlanning and grassrote level
260 _c1988
300 _a9-15
362 _a1 Dec.
650 _aDecentralisation
773 _aYojana
909 _a7051
999 _c7051
_d7051